00492 2200193 4500001002100000005001500021035002000036245006000056100002200116250000600138856004500144260004100189082000800230084001400238600001000252990001200262990001200274990001200286INLIS00000000000172620250505095538 a0010-05250000181 aDi Pohon Karet Ku gantung Rembulan /cDandang A. Dahlan0 aDandang A. Dahlan a1 aRuang Baca Umum No Klas 800 ( Rak 3,4,5) aYogyakarta :bMita Gama Widya,c2000 a813 a813 DAN d 4aFiksi a00.0198 a00.0199 a00.0200